[Event "Gibraltar Amateur op-B"]
[Site "Caleta"]
[Date "2019.01.28"]
[Round "3"]
[White "Jimenez Urquijo, Juan Manuel"]
[Black "Christophe Hayot, Romain"]
[Result "1-0"]
[WhiteElo "1570"]
[BlackElo "1729"]
[PlyCount "77"]
[EventDate "2019.01.26"]
[EventType "swiss"]
[EventRounds "5"]
[EventCountry "GGB"]
[SourceTitle "CBM 188 Extra"]
[Source "ChessBase"]
[SourceDate "2019.02.26"]
[SourceVersion "1"]
[SourceVersionDate "2019.02.26"]
[SourceQuality "1"]

1. d4 d5 2. Bf4 c6 3. e3 Bf5 4. Bd3 e6 5. Nf3 Nf6 6. Bxf5 exf5 7. Nbd2 Nbd7 8. c4 Rc8 9. c5 b5 10. b4 Ra8 11. Nb3 Ne4 12. Qc2 g5 13. Be5 f6 14. Bg3 Kf7 15. Nfd2 h5 16. f3 Nxg3 17. hxg3 Qe8 18. Qxf5 Qxe3+ 19. Kd1 Qe6 20. Qxe6+ Kxe6 21. a4 a6 22. axb5 cxb5 23. Kc2 f5 24. Nc1 Bg7 25. Ndb3 Nb8 26. Nd3 Nc6 27. Rhe1+ Kd7 28. Kc3 h4 29. Rh1 Bf6 30. gxh4 gxh4 31. Nf4 Ne7 32. Rae1 Bg5 33. c6+ Kxc6 34. Nh3 Rag8 35. Nxg5 Rxg5 36. Rxe7 Kd6 37. Rhe1 Rh6 38. Ra7 Rhg6 39. Ree7 1-0

[Event "Gibraltar Amateur op-B"]
[Site "Caleta"]
[Date "2019.01.27"]
[Round "2"]
[White "Christophe Hayot, Romain"]
[Black "Galinskyi, Mykhalo"]
[Result "1/2-1/2"]
[WhiteElo "1729"]
[BlackElo "1540"]
[PlyCount "98"]
[EventDate "2019.01.26"]
[EventType "swiss"]
[EventRounds "5"]
[EventCountry "GGB"]
[SourceTitle "EXT 2021"]
[Source "ChessBase"]
[SourceDate "2020.10.23"]
[SourceVersion "1"]
[SourceVersionDate "2020.10.23"]
[SourceQuality "1"]

1. d4 d5 2. Nc3 Nf6 3. Bf4 a6 4. e3 e6 5. Nf3 Bb4 6. Bd3 Nbd7 7. Ne5 Nxe5 8. Bxe5 Bd6 9. Bxf6 Qxf6 10. a3 c5 11. dxc5 Bxc5 12. 0-0 b5 13. e4 Bd4 14. exd5 Bxc3 15. bxc3 exd5 16. a4 bxa4 17. Rxa4 0-0 18. Qh5 Rd8 19. Qxh7+ Kf8 20. Qh4 Qxh4 21. Rxh4 Be6 22. Ra4 Rdc8 23. Rfa1 Rxc3 24. Rxa6 Rac8 25. Ra8 Ke7 26. Rxc8 Rxc8 27. f4 g6 28. Ra7+ Kf6 29. Ra6 Kg7 30. Kf2 Kh6 31. f5 gxf5 32. Bxf5 Kg5 33. Bd3 Bf5 34. Ke3 Be6 35. Ra4 Rh8 36. h3 Re8 37. Kf2 Rh8 38. Kg3 Rc8 39. Rd4 Rh8 40. c4 Rd8 41. h4+ Kh5 42. Be2+ Kh6 43. Kf4 Rd7 44. g4 dxc4 45. g5+ Kg7 46. Rxd7 Bxd7 47. Bxc4 f6 48. Bd3 fxg5+ 49. Kxg5 Kh8 1/2-1/2

[Event "Gibraltar Masters 17th"]
[Site "Caleta"]
[Date "2019.01.27"]
[Round "6"]
[White "Christophe Hayot, Romain"]
[Black "Wilson, Matthew R"]
[Result "1/2-1/2"]
[WhiteElo "1729"]
[BlackElo "1822"]
[PlyCount "94"]
[EventDate "2019.01.22"]
[EventType "swiss"]
[EventRounds "10"]
[EventCountry "GGB"]
[SourceTitle "CBM 188 Extra"]
[Source "ChessBase"]
[SourceDate "2019.02.26"]
[SourceVersion "1"]
[SourceVersionDate "2019.02.26"]
[SourceQuality "1"]

1. d4 Nf6 2. Nc3 d5 3. Bf4 e6 4. Nb5 Na6 5. a3 c6 6. Nc3 Be7 7. e3 Nb8 8. Bd3 Nbd7 9. h4 a6 10. g4 Nb6 11. g5 Nfd7 12. Nf3 Nc4 13. Bxc4 dxc4 14. Nd2 b5 15. e4 Bb7 16. Nf3 c5 17. d5 Nb6 18. d6 Bf8 19. Qe2 b4 20. Na2 bxa3 21. bxa3 Bxd6 22. Rd1 Nc8 23. 0-0 Qc7 24. Bxd6 Nxd6 25. Nc3 Nb5 26. Qxc4 Nxc3 27. Qxc3 0-0 28. Ne5 Rfd8 29. f3 Rxd1 30. Rxd1 Rd8 31. Rxd8+ Qxd8 32. Qxc5 Qd1+ 33. Kg2 Qe2+ 34. Kh3 Qd1 35. Qb6 g6 36. Kg3 Qe1+ 37. Kg4 Qd2 38. Qc7 Qg2+ 39. Kf4 Qd2+ 40. Kg3 Qe1+ 41. Kh2 Qf2+ 42. Kh3 Qf1+ 43. Kg3 Qg1+ 44. Kh3 Qh1+ 45. Kg4 Qg2+ 46. Kf4 Qd2+ 47. Kg3 Qe1+ 1/2-1/2

[Event "Gibraltar Masters 17th"]
[Site "Caleta"]
[Date "2019.01.24"]
[Round "3"]
[White "Burrows, Martin P"]
[Black "Christophe Hayot, Romain"]
[Result "1-0"]
[WhiteElo "2156"]
[BlackElo "1729"]
[PlyCount "27"]
[EventDate "2019.01.22"]
[EventType "swiss"]
[EventRounds "10"]
[EventCountry "GGB"]
[SourceTitle "CBM 188 Extra"]
[Source "ChessBase"]
[SourceDate "2019.02.26"]
[SourceVersion "1"]
[SourceVersionDate "2019.02.26"]
[SourceQuality "1"]

1. e4 d6 2. d4 c6 3. f4 g6 4. Nf3 Bg4 5. Nc3 Bg7 6. Be3 Bxf3 7. Qxf3 Qb6 8. 0-0-0 Qa5 9. e5 d5 10. g4 Na6 11. f5 0-0-0 12. fxg6 Rf8 13. gxh7 Rxh7 14. Qf5+ 1-0

[Event "Gibraltar Masters 17th"]
[Site "Caleta"]
[Date "2019.01.23"]
[Round "2"]
[White "Christophe Hayot, Romain"]
[Black "Valhondo Morales, Ruben"]
[Result "0-1"]
[WhiteElo "1729"]
[BlackElo "2231"]
[PlyCount "89"]
[EventDate "2019.01.22"]
[EventType "swiss"]
[EventRounds "10"]
[EventCountry "GGB"]
[SourceTitle "CBM 188 Extra"]
[Source "ChessBase"]
[SourceDate "2019.02.26"]
[SourceVersion "1"]
[SourceVersionDate "2019.02.26"]
[SourceQuality "1"]

1. d4 d5 2. Nf3 Nf6 3. Bf4 c5 4. c3 Qb6 5. Qb3 c4 6. Qxb6 axb6 7. Bc7 Na6 8. Bf4 Bf5 9. Nbd2 h6 10. h3 e6 11. g4 Bh7 12. Bg2 Be7 13. 0-0 b5 14. Bg3 b4 15. a3 bxc3 16. bxc3 Nb8 17. Ne5 0-0 18. f3 Rxa3 19. Rxa3 Bxa3 20. e4 b5 21. Nb1 Be7 22. exd5 Nxd5 23. f4 f6 24. Bxd5 exd5 25. Nf3 Bd3 26. Re1 Kf7 27. g5 Nc6 28. Nbd2 b4 29. cxb4 Bxb4 30. Ra1 Bc3 31. Ra6 Nxd4 32. Ra7+ Kg8 33. gxh6 gxh6 34. Rd7 Nxf3+ 35. Nxf3 Be4 36. Be1 Bxe1 37. Nxe1 Ra8 38. Kf2 Ra3 39. h4 h5 40. Rc7 Kf8 41. Ke2 Ke8 42. Kf2 Rh3 43. Ke2 Rxh4 44. Nf3 Rxf4 45. Nd2 0-1

[Event "Gibraltar Amateur op-A"]
[Site "Caleta"]
[Date "2019.01.23"]
[Round "3"]
[White "Manukonda, Arun"]
[Black "Christophe Hayot, Romain"]
[Result "1-0"]
[WhiteElo "1814"]
[BlackElo "1729"]
[PlyCount "115"]
[EventDate "2019.01.21"]
[EventType "swiss"]
[EventRounds "5"]
[EventCountry "GGB"]
[SourceTitle "CBM 188 Extra"]
[Source "ChessBase"]
[SourceDate "2019.02.26"]
[SourceVersion "1"]
[SourceVersionDate "2019.02.26"]
[SourceQuality "1"]

1. Nf3 d5 2. g3 c5 3. Bg2 Nf6 4. d3 Nc6 5. 0-0 e5 6. Nbd2 Bd6 7. e4 d4 8. a4 Bg4 9. h3 Bd7 10. Nc4 Bc7 11. Nh4 h6 12. Nf5 Bxf5 13. exf5 0-0 14. Bd2 Qd7 15. Qf3 Rae8 16. Rfe1 Re7 17. g4 Rfe8 18. Re4 Nxe4 19. Qxe4 f6 20. h4 Rd8 21. g5 hxg5 22. hxg5 fxg5 23. Bxg5 Qe8 24. Qh4 Rdd7 25. Be4 Bd8 26. Kg2 Rf7 27. Rh1 Rf6 28. Qh7+ Kf7 29. Bf3 Qf8 30. Bxc6 bxc6 31. Nxe5+ Ke8 32. Nxd7 Kxd7 33. Bxf6 Bxf6 34. Re1 Kc7 35. Re6 Kb6 36. Qh5 Qd8 37. Qf3 Qd7 38. Qe4 a5 39. Kf1 Kc7 40. Ke2 Kb6 41. Kd1 Kb7 42. Kc1 Qc7 43. Kb1 Qd7 44. Re8 Qc7 45. Qe6 Kb6 46. Rc8 Qb7 47. Rf8 Ka6 48. Rf7 Qa8 49. Qd7 c4 50. dxc4 Kb6 51. Rxf6 gxf6 52. Qxd4+ Ka6 53. Qxf6 Kb6 54. Qe7 Qh8 55. f6 Qh1+ 56. Ka2 Qf1 57. Qe3+ c5 58. f7 1-0

[Event "Gibraltar Amateur op-A"]
[Site "Caleta"]
[Date "2019.01.21"]
[Round "1"]
[White "Popham, Sarah"]
[Black "Christophe Hayot, Romain"]
[Result "0-1"]
[WhiteElo "1352"]
[BlackElo "1729"]
[PlyCount "54"]
[EventDate "2019.01.21"]
[EventType "swiss"]
[EventRounds "5"]
[EventCountry "GGB"]
[SourceTitle "CBM 188 Extra"]
[Source "ChessBase"]
[SourceDate "2019.02.26"]
[SourceVersion "1"]
[SourceVersionDate "2019.02.26"]
[SourceQuality "1"]

1. Nf3 d5 2. g3 c5 3. Bg2 Nc6 4. 0-0 e5 5. d3 Bd6 6. Nbd2 Nge7 7. b3 0-0 8. Bb2 Bg4 9. Qc1 Rc8 10. e4 d4 11. c3 Ng6 12. a4 Be7 13. Nc4 a6 14. cxd4 cxd4 15. Qe1 Bb4 16. Qb1 h5 17. h4 Re8 18. Ba3 Bxa3 19. Nxa3 Nb4 20. Nc4 b5 21. axb5 axb5 22. Na3 Qd7 23. Qd1 Rc3 24. Qd2 Rec8 25. Rfb1 Nxd3 26. Bf1 Bxf3 27. Bxd3 Qh3 0-1

[Event "FRA-ch op-C"]
[Site "Nimes"]
[Date "2018.08.18"]
[Round "1"]
[White "Christophe Hayot, Romain"]
[Black "Courreur, Alexandre"]
[Result "1-0"]
[WhiteElo "1797"]
[BlackElo "1639"]
[PlyCount "113"]
[EventDate "2018.08.18"]
[EventType "swiss"]
[EventRounds "9"]
[EventCountry "FRA"]
[SourceTitle "EXT 2020"]
[Source "ChessBase"]
[SourceDate "2019.10.17"]
[SourceVersion "1"]
[SourceVersionDate "2019.10.17"]
[SourceQuality "1"]

1. e4 c5 2. Nc3 Nc6 3. f4 e6 4. Nf3 g6 5. Be2 Bg7 6. 0-0 Nge7 7. Kh1 0-0 8. d3 d5 9. e5 Nf5 10. Qe1 a6 11. Bd2 b5 12. Qf2 Qe7 13. Bd1 Bb7 14. Ne2 b4 15. Ng3 Nh6 16. h3 a5 17. c3 a4 18. cxb4 Nxb4 19. Bxb4 cxb4 20. Rc1 Rfc8 21. Be2 Rxc1 22. Rxc1 Rc8 23. Rxc8+ Bxc8 24. Qb6 f6 25. d4 Nf7 26. Bb5 a3 27. b3 Qb7 28. Qa5 fxe5 29. fxe5 Bf8 30. Be8 Be7 31. h4 Nd8 32. Qb5 Qxb5 33. Bxb5 Kg7 34. Nf1 Bb7 35. Kg1 Nc6 36. N1d2 h6 37. Kf2 Kf7 38. g4 Bd8 39. Ke3 Bb6 40. Bd3 Ne7 41. Nf1 Nc6 42. Ng3 Na5 43. Nd2 Nc6 44. Nf3 Na5 45. Bb1 Ba6 46. Ne2 Nc6 47. Nf4 Bf1 48. Bxg6+ Ke7 49. g5 hxg5 50. hxg5 Na5 51. Bb1 Nc6 52. g6 Nd8 53. g7 Kf7 54. Nh5 Kg8 55. Ng5 Bxd4+ 56. Kxd4 Nc6+ 57. Kc5 1-0

[Event "Vaujany op-B 8th"]
[Site "Vaujany"]
[Date "2017.07.14"]
[Round "2.6"]
[White "Joachim, Rodny"]
[Black "Christophe Hayot, Romain"]
[Result "1/2-1/2"]
[WhiteElo "1685"]
[BlackElo "1783"]
[PlyCount "63"]
[EventDate "2017.07.13"]
[EventType "swiss"]
[EventRounds "9"]
[EventCountry "FRA"]
[SourceTitle "EXT 2020"]
[Source "ChessBase"]
[SourceDate "2019.10.17"]
[SourceVersion "1"]
[SourceVersionDate "2019.10.17"]
[SourceQuality "1"]

1. e4 e6 2. d4 d5 3. exd5 exd5 4. Bd3 g6 5. Nf3 Bg7 6. 0-0 Ne7 7. Bf4 0-0 8. Nbd2 c5 9. c3 cxd4 10. Nxd4 a6 11. Re1 Nbc6 12. N2f3 Bg4 13. Qb3 Nxd4 14. Nxd4 Qd7 15. Qb4 Rfe8 16. f3 Bf5 17. Nxf5 Nxf5 18. Bxf5 Qxf5 19. Bg3 b5 20. Bf2 Bf8 21. Qb3 Re6 22. Rxe6 fxe6 23. Re1 Bd6 24. Qd1 Rc8 25. Qe2 Re8 26. Qd2 Qf7 27. Bg3 Bxg3 28. hxg3 e5 29. Rd1 Rd8 30. Qg5 Re8 31. Qd2 Rd8 32. Qg5 1/2-1/2

[Event "Martinique-ch"]
[Site "Le Lamentin"]
[Date "2017.05.21"]
[Round "7"]
[White "Christophe Hayot, Romain"]
[Black "Prudent, Sylvio"]
[Result "1-0"]
[WhiteElo "1732"]
[BlackElo "1650"]
[PlyCount "109"]
[EventDate "2017.05.21"]
[EventType "tourn"]
[EventRounds "11"]
[EventCountry "MFR"]
[SourceTitle "EXT 2019"]
[Source "ChessBase"]
[SourceDate "2018.10.10"]
[SourceVersion "1"]
[SourceVersionDate "2018.10.10"]
[SourceQuality "1"]

1. d4 f5 2. Bg5 g6 3. Nf3 Bg7 4. h4 h6 5. Bf4 d6 6. Nc3 Nf6 7. Qd2 Nc6 8. e3 Bd7 9. Bd3 Nb4 10. 0-0-0 Nxd3+ 11. Qxd3 e6 12. e4 Qe7 13. e5 Ng4 14. Rd2 d5 15. a3 0-0-0 16. b4 a6 17. Kb2 Bf8 18. Ra1 Rg8 19. g3 g5 20. hxg5 hxg5 21. Be3 Bh6 22. Re2 Nxe3 23. fxe3 g4 24. Nd2 Rh8 25. Nb3 Kb8 26. b5 axb5 27. Nxb5 Bxb5 28. Qxb5 Qe8 29. a4 Qxb5 30. axb5 b6 31. Nc1 Bg5 32. Nd3 Rh3 33. Rg1 Kb7 34. Nb4 Rdh8 35. Rgg2 Rh1 36. c3 Ra8 37. Kb3 Raa1 38. Kc2 Rac1+ 39. Kd3 Rcd1+ 40. Rd2 Rhg1 41. Rh2 Rxd2+ 42. Kxd2 Rxg3 43. Rh8 Rh3 44. Rg8 Bxe3+ 45. Kc2 Rh2+ 46. Kb1 Rh1+ 47. Ka2 Rh2+ 48. Kb3 Rh1 49. Kc2 Rh2+ 50. Kd3 f4 51. c4 Rd2+ 52. Kc3 dxc4 53. Nc6 Rd3+ 54. Kxc4 Rxd4+ 55. Nxd4 1-0

[Event "Gibraltar Challenger op-B"]
[Site "Caleta"]
[Date "2017.01.29"]
[Round "2"]
[White "Christophe Hayot, Romain"]
[Black "Schouten, Freek"]
[Result "0-1"]
[WhiteElo "1784"]
[BlackElo "2095"]
[PlyCount "128"]
[EventDate "2017.01.28"]
[EventType "swiss"]
[EventRounds "5"]
[EventCountry "GGB"]
[SourceTitle "EXT 2018"]
[Source "ChessBase"]
[SourceDate "2017.10.13"]
[SourceVersion "1"]
[SourceVersionDate "2017.10.13"]
[SourceQuality "1"]

1. e4 g6 2. Nc3 Bg7 3. Nf3 c5 4. Be2 Nc6 5. 0-0 d6 6. d3 e6 7. Bf4 Nge7 8. Nb5 e5 9. Bg5 f6 10. Bd2 a6 11. Na3 b5 12. b3 0-0 13. c4 b4 14. Nc2 Bd7 15. Qc1 f5 16. Bh6 f4 17. Bxg7 Kxg7 18. a3 a5 19. axb4 axb4 20. Qb2 h6 21. Rxa8 Qxa8 22. Ra1 Qb7 23. Nd2 Ra8 24. g3 g5 25. Bh5 Rxa1+ 26. Qxa1 Qa7 27. Qb2 Ng8 28. gxf4 gxf4 29. Bf3 Nf6 30. Kh1 Nh7 31. Qb1 Kf6 32. Bg2 Be6 33. Nf3 Bg4 34. h3 Bh5 35. Ng1 Ng5 36. f3 Nd4 37. Nxd4 cxd4 38. Kh2 Qa3 39. Kh1 Ne6 40. Ne2 Nc5 41. Nc1 Be8 42. Qc2 Qa1 43. Kh2 Qc3 44. Qd1 Kg5 45. Bf1 Bd7 46. Be2 Kf6 47. h4 Qb2 48. Kh1 Ne6 49. Kg1 Ng7 50. Bf1 Nh5 51. Ne2 Kg6 52. Nc1 Ng3 53. Qe1 Kh5 54. Ne2 Kxh4 55. Qf2 Kg5 56. Qg2 Kf6 57. Nxg3 Qxg2+ 58. Kxg2 fxg3 59. Kxg3 Ba4 60. f4 exf4+ 61. Kxf4 Bxb3 62. c5 dxc5 63. e5+ Ke7 64. Bg2 Bc2 0-1

[Event "Gibraltar Masters 15th"]
[Site "Caleta"]
[Date "2017.01.28"]
[Round "5"]
[White "Christophe Hayot, Romain"]
[Black "Pinho, Paulo Miguel"]
[Result "0-1"]
[WhiteElo "1784"]
[BlackElo "2220"]
[PlyCount "88"]
[EventDate "2017.01.24"]
[EventType "swiss"]
[EventRounds "10"]
[EventCountry "GGB"]
[SourceTitle "CBM 177"]
[Source "ChessBase"]
[SourceDate "2017.03.16"]
[SourceVersion "1"]
[SourceVersionDate "2017.03.16"]
[SourceQuality "1"]

1. e4 c5 2. Nf3 e6 3. g3 d6 4. Bg2 b6 5. 0-0 Bb7 6. d3 Nf6 7. Nc3 Be7 8. Re1 0-0 9. d4 cxd4 10. Nxd4 Qc8 11. Bg5 a6 12. Qd2 Nbd7 13. Nf3 b5 14. a3 Qc7 15. Rad1 Rfd8 16. Bxf6 Nxf6 17. Qf4 Rac8 18. Re2 Qb8 19. Ne1 Rc4 20. Rd3 Qa8 21. b3 Rcc8 22. g4 Nd7 23. g5 Rc5 24. h4 Ne5 25. Rh3 Ng6 26. Qc1 Rdc8 27. Nd1 Nxh4 28. f4 Nxg2 29. Rxg2 Bxe4 30. Rgh2 Bd8 31. Nf2 Bb6 32. Kf1 Bf5 33. Ng4 Qe4 34. Re2 Qxe2+ 35. Kxe2 Bxg4+ 36. Rf3 Rc3 37. Kf1 Bxf3 38. Qd2 d5 39. f5 Be4 40. f6 Rg3 41. Qf4 Rgc3 42. Qd6 R3c6 43. Qe7 Bc5 44. Qd7 R6c7 0-1

[Event "Gibraltar Amateur op-A"]
[Site "Caleta"]
[Date "2017.01.27"]
[Round "5"]
[White "Guardia Bencomo, Tomas"]
[Black "Christophe Hayot, Romain"]
[Result "1-0"]
[WhiteElo "1759"]
[BlackElo "1784"]
[PlyCount "99"]
[EventDate "2017.01.23"]
[EventType "swiss"]
[EventRounds "5"]
[EventCountry "GGB"]
[SourceTitle "CBM 176 Extra"]
[Source "ChessBase"]
[SourceDate "2017.03.02"]
[SourceVersion "1"]
[SourceVersionDate "2017.03.02"]
[SourceQuality "1"]

1. d4 d5 2. c4 c6 3. Nf3 Nf6 4. Nc3 e6 5. Bg5 Be7 6. e3 0-0 7. Bd3 Nbd7 8. 0-0 Re8 9. Qc2 h6 10. Bh4 Nf8 11. Ne5 N6d7 12. Bxe7 Qxe7 13. f4 Nxe5 14. fxe5 dxc4 15. Bxc4 Qg5 16. Qf2 Re7 17. Ne4 Qh5 18. Bd3 Bd7 19. Qg3 Nh7 20. Nf6+ Nxf6 21. exf6 g6 22. fxe7 Be8 23. Qc7 Qg5 24. Rf3 Qd5 25. Qxb7 c5 26. Qxd5 exd5 27. dxc5 Rc8 28. b4 Rc7 29. Bxg6 Rxe7 30. Bf5 Kg7 31. a4 a6 32. Bc8 Ra7 33. Bf5 Bc6 34. Bc2 Rb7 35. Raf1 Be8 36. Rf4 Re7 37. R1f3 Bd7 38. Rg3+ Kf8 39. Rh4 Re5 40. Rxh6 Be6 41. Rh4 Ke7 42. Bd3 Bd7 43. Bxa6 Bxa4 44. b5 Bd1 45. Rd4 Be2 46. Kf2 Bc4 47. Rgg4 Bb3 48. Rgf4 f5 49. b6 Kd8 50. c6 1-0

[Event "Gibraltar Masters 15th"]
[Site "Caleta"]
[Date "2017.01.25"]
[Round "2"]
[White "Dolzhikova, Olga"]
[Black "Christophe Hayot, Romain"]
[Result "1/2-1/2"]
[WhiteElo "2164"]
[BlackElo "1784"]
[PlyCount "54"]
[EventDate "2017.01.24"]
[EventType "swiss"]
[EventRounds "10"]
[EventCountry "GGB"]
[SourceTitle "CBM 177"]
[Source "ChessBase"]
[SourceDate "2017.03.16"]
[SourceVersion "1"]
[SourceVersionDate "2017.03.16"]
[SourceQuality "1"]

1. e4 d5 2. exd5 Nf6 3. c4 c6 4. d4 cxd5 5. Nc3 e6 6. Nf3 Bb4 7. Qa4+ Nc6 8. Ne5 Bxc3+ 9. bxc3 Bd7 10. Nxd7 Nxd7 11. c5 0-0 12. Bd2 Qh4 13. Qb5 Rab8 14. Bd3 e5 15. Be3 exd4 16. cxd4 Nf6 17. g3 Qg4 18. h3 Qf3 19. 0-0 Rfe8 20. Be2 Qe4 21. Rad1 Qf5 22. Kh2 Re7 23. Bf4 Rbe8 24. Bd3 Qh5 25. Bd6 Nxd4 26. Bxh7+ Nxh7 27. Rxd4 Ng5 1/2-1/2

[Event "Gibraltar Amateur op-A"]
[Site "Caleta"]
[Date "2017.01.24"]
[Round "2"]
[White "Christophe Hayot, Romain"]
[Black "Gaspar, Ioan Dan"]
[Result "0-1"]
[WhiteElo "1784"]
[BlackElo "1579"]
[PlyCount "87"]
[EventDate "2017.01.23"]
[EventType "swiss"]
[EventRounds "5"]
[EventCountry "GGB"]
[SourceTitle "CBM 176 Extra"]
[Source "ChessBase"]
[SourceDate "2017.03.02"]
[SourceVersion "1"]
[SourceVersionDate "2017.03.02"]
[SourceQuality "1"]

1. e4 c5 2. Nf3 g6 3. Bc4 Bg7 4. Ng5 e6 5. f4 Nc6 6. 0-0 d5 7. exd5 exd5 8. Re1+ Nge7 9. Bb3 0-0 10. c3 d4 11. d3 Bf5 12. c4 Qc7 13. g4 h6 14. Nh3 Bd7 15. Nf2 f5 16. h3 Rae8 17. Qf3 g5 18. Na3 a6 19. Bd2 fxg4 20. hxg4 gxf4 21. Bd1 Ne5 22. Qh3 N7g6 23. b4 b6 24. Nc2 Qc8 25. bxc5 bxc5 26. Rb1 f3 27. Qg3 Bxg4 28. Rb6 h5 29. Bg5 Re6 30. Rxe6 Qxe6 31. Na1 Qf5 32. Bc2 Qxg5 33. Ne4 Qf4 34. Qxf4 Nxf4 35. Nf2 Nh3+ 36. Kf1 Bf5 37. Rd1 Nxf2 38. Kxf2 Ng4+ 39. Kg3 h4+ 40. Kxh4 Bf6+ 41. Kg3 Be5+ 42. Kxf3 Bxd3+ 43. Kxg4 Be2+ 44. Kg5 0-1

[Event "Gibraltar Masters 14th"]
[Site "Caleta"]
[Date "2016.02.03"]
[Round "9"]
[White "Gravett, Alan David"]
[Black "Christophe Hayot, Romain"]
[Result "1-0"]
[WhiteElo "1884"]
[BlackElo "1824"]
[PlyCount "113"]
[EventDate "2016.01.26"]
[EventType "swiss"]
[EventRounds "10"]
[EventCountry "GGB"]
[SourceTitle "CBM 171"]
[Source "ChessBase"]
[SourceDate "2016.03.14"]
[SourceVersion "2"]
[SourceVersionDate "2016.03.14"]
[SourceQuality "1"]

1. Nf3 d5 2. g3 c5 3. Bg2 Nc6 4. d4 cxd4 5. Nxd4 e5 6. Nxc6 bxc6 7. 0-0 Bc5 8. c4 Ne7 9. Nc3 d4 10. Ne4 Bb6 11. c5 Bc7 12. Bg5 0-0 13. b4 Rb8 14. a3 Be6 15. Qc1 f6 16. Bd2 Nd5 17. Qc2 Kh8 18. Rfd1 f5 19. Ng5 Bg8 20. Nf3 f4 21. Rac1 Be6 22. e3 fxe3 23. fxe3 dxe3 24. Bxe3 Nxe3 25. Rxd8 Nxc2 26. Rxb8 Rxb8 27. Rxc2 a5 28. Re2 axb4 29. axb4 Bc4 30. Re3 Rxb4 31. Nxe5 Rb1+ 32. Kf2 Rb2+ 33. Kg1 Bd5 34. Bxd5 cxd5 35. Nd7 h6 36. Re8+ Kh7 37. Nf8+ Kg8 38. Ne6+ Kf7 39. Nxc7 Rb7 40. Rc8 d4 41. Kf2 Rb2+ 42. Kf3 Rxh2 43. Ke4 Rh3 44. c6 Rxg3 45. Kxd4 Ke7 46. Kc5 Rc3+ 47. Kb6 Rc1 48. Nb5 h5 49. Rg8 Kf6 50. c7 h4 51. c8Q Rxc8 52. Rxc8 g5 53. Nd6 g4 54. Rg8 g3 55. Ne4+ Kf5 56. Nxg3+ Kf4 57. Nh1 1-0

[Event "Gibraltar Masters 14th"]
[Site "Caleta"]
[Date "2016.01.30"]
[Round "5"]
[White "Christophe Hayot, Romain"]
[Black "Omoifo, Osemekhian I"]
[Result "0-1"]
[WhiteElo "1824"]
[BlackElo "2106"]
[PlyCount "88"]
[EventDate "2016.01.26"]
[EventType "swiss"]
[EventRounds "10"]
[EventCountry "GGB"]
[SourceTitle "CBM 171"]
[Source "ChessBase"]
[SourceDate "2016.03.14"]
[SourceVersion "2"]
[SourceVersionDate "2016.03.14"]
[SourceQuality "1"]

1. e4 c6 2. Nf3 d5 3. e5 Bg4 4. d4 e6 5. Be2 c5 6. 0-0 Nc6 7. Bg5 Qb6 8. c4 h6 9. cxd5 exd5 10. dxc5 Bxc5 11. Bh4 Nge7 12. Nc3 g5 13. Na4 Qa5 14. Nxc5 Qxc5 15. Rc1 Qb6 16. Bg3 Qxb2 17. Rb1 Qxa2 18. Rxb7 Bxf3 19. Bxf3 Qa6 20. Qb1 0-0 21. Bh5 Rab8 22. Rb2 Rxb2 23. Qxb2 Rb8 24. Qc3 d4 25. Qf3 Qc4 26. e6 Qxe6 27. Bxb8 Nxb8 28. Qb7 Nbc6 29. h3 Kg7 30. Rc1 a5 31. Bg4 Qd6 32. Bf3 Ne5 33. Bh5 Nd5 34. Rc8 Nf4 35. Bd1 Qf6 36. Qa8 d3 37. Rh8 Qd6 38. Qg8+ Kf6 39. Rxh6+ Neg6 40. Rh7 Qd5 41. Bf3 d2 42. Qg7+ Ke7 43. Qa1 Qc5 44. Qf6+ Kxf6 0-1

[Event "Gibraltar Masters 14th"]
[Site "Caleta"]
[Date "2016.01.27"]
[Round "2"]
[White "Pinho, Paulo Miguel"]
[Black "Christophe Hayot, Romain"]
[Result "1-0"]
[WhiteElo "2197"]
[BlackElo "1824"]
[PlyCount "57"]
[EventDate "2016.01.26"]
[EventType "swiss"]
[EventRounds "10"]
[EventCountry "GGB"]
[SourceTitle "CBM 171"]
[Source "ChessBase"]
[SourceDate "2016.03.14"]
[SourceVersion "2"]
[SourceVersionDate "2016.03.14"]
[SourceQuality "1"]

1. d4 f5 2. g3 Nf6 3. Bg2 d5 4. Nf3 e6 5. 0-0 Bd6 6. b3 Nbd7 7. c4 c6 8. Ba3 Qe7 9. Bxd6 Qxd6 10. Qc2 f4 11. Nbd2 0-0 12. Rae1 Ng4 13. h3 Ne3 14. fxe3 fxe3 15. Ng5 g6 16. Rxf8+ Nxf8 17. Nf1 e5 18. cxd5 h6 19. Ne4 Qb4 20. Rd1 cxd5 21. Nf6+ Kg7 22. dxe5 Be6 23. Qc7+ Kh8 24. Nxd5 Qa3 25. Qc3 Qxa2 26. Qxe3 Kg7 27. Nc7 Rc8 28. Nxe6+ Nxe6 29. Rd7+ 1-0

[Event "Gibraltar Masters 13th"]
[Site "Caleta"]
[Date "2015.02.03"]
[Round "8"]
[White "De Rosa, Mariagrazia"]
[Black "Christophe Hayot, Romain"]
[Result "1/2-1/2"]
[WhiteElo "2101"]
[BlackElo "1793"]
[PlyCount "94"]
[EventDate "2015.01.27"]
[EventType "swiss"]
[EventRounds "10"]
[EventCountry "GGB"]
[SourceTitle "CBM 165"]
[Source "ChessBase"]
[SourceDate "2015.03.11"]
[SourceVersion "1"]
[SourceVersionDate "2015.03.11"]
[SourceQuality "1"]

1. e4 e5 2. Nf3 Nf6 3. Nxe5 d6 4. Nf3 Nxe4 5. Nc3 Nf6 6. d4 Be7 7. h3 Bf5 8. Bd3 Qd7 9. Nh4 Bxd3 10. Qxd3 0-0 11. Nf5 Re8 12. 0-0 Nc6 13. a3 h6 14. Nxe7+ Nxe7 15. Re1 Ned5 16. Bd2 Nxc3 17. Bxc3 Rxe1+ 18. Rxe1 Re8 19. d5 Rxe1+ 20. Bxe1 Qe8 21. Kf1 Qe4 22. Qxe4 Nxe4 23. Ke2 Nf6 24. c4 Kf8 25. Kd3 Nd7 26. b4 Ke7 27. f4 g6 28. Bf2 b6 29. Bd4 f6 30. g4 Kf7 31. Bc3 Nb8 32. h4 Nd7 33. Bd4 h5 34. g5 f5 35. Kc3 Ke7 36. Kb3 Kd8 37. Ka4 Kc8 38. Kb5 Kb7 39. c5 a6+ 40. Kc4 b5+ 41. Kd3 c6 42. cxd6 cxd5 43. Bc5 Kc6 44. Kd4 a5 45. Kc3 Nf8 46. Kd4 Nd7 47. Kc3 Nf8 1/2-1/2

[Event "Gibraltar Masters 13th"]
[Site "Caleta"]
[Date "2015.02.01"]
[Round "6"]
[White "Henderson de la Fuente, Lance"]
[Black "Christophe Hayot, Romain"]
[Result "1/2-1/2"]
[WhiteElo "2014"]
[BlackElo "1793"]
[PlyCount "113"]
[EventDate "2015.01.27"]
[EventType "swiss"]
[EventRounds "10"]
[EventCountry "GGB"]
[SourceTitle "CBM 165"]
[Source "ChessBase"]
[SourceDate "2015.03.11"]
[SourceVersion "1"]
[SourceVersionDate "2015.03.11"]
[SourceQuality "1"]

1. e4 d5 2. exd5 Qxd5 3. Nc3 Qa5 4. Bc4 Nf6 5. d3 c6 6. Nge2 g6 7. 0-0 Bg7 8. Bd2 Qc7 9. Ng3 0-0 10. Qe2 Re8 11. Rae1 Nbd7 12. Nge4 Nxe4 13. Nxe4 Nf6 14. Ng5 e6 15. f4 h6 16. Nf3 Qb6+ 17. Kh1 Qxb2 18. Rb1 Qa3 19. Bb4 Qa4 20. a3 b5 21. Bb3 Qa6 22. a4 Bd7 23. Ne5 Qc8 24. f5 gxf5 25. Rf3 Nd5 26. Bd2 Qc7 27. Rg3 Kf8 28. Nxf7 Kxf7 29. Qh5+ Ke7 30. Rxg7+ Kd8 31. Bxd5 exd5 32. Qf7 Qd6 33. axb5 c5 34. Bxh6 Qe6 35. Qxe6 Rxe6 36. Bg5+ Kc8 37. h4 Be8 38. Rg8 Kb7 39. Rf1 Bg6 40. Rxa8 Kxa8 41. h5 Bxh5 42. Rxf5 Re1+ 43. Kh2 Re2 44. Bf4 Be8 45. c4 dxc4 46. dxc4 Re4 47. Rf8 Kb7 48. Kg3 a5 49. bxa6+ Kxa6 50. Kf3 Bc6 51. Kf2 Rxc4 52. g4 Re4 53. Rf6 Kb7 54. g5 c4 55. g6 Bd5 56. g7 c3 57. Bc1 1/2-1/2